|
|
|
|
| LEADER |
00649 a2200193 4500 |
| 008 |
150103s9999 000 0 eng |
| 020 |
|
|
|a 9780140441185
|
| 082 |
0 |
0 |
|a 193
|
| 100 |
1 |
|
|a Nietzsche, Friedrich Wilhelm
|
| 245 |
1 |
0 |
|a Thus spoke Zarathustra /
|
| 260 |
|
|
|a New Delhi:
|b Penguin Books,
|c 1969.
|
| 300 |
|
|
|a 343 p.
|
| 650 |
|
0 |
|a Superman (Philosophical concept)
|
| 650 |
|
0 |
|a Philosophy.
|
| 650 |
1 |
7 |
|a Filosofie.
|
| 700 |
1 |
|
|a Hollingdale, R.J.
|
| 942 |
|
|
|c BK
|
| 999 |
|
|
|c 307612
|d 307612
|
| 952 |
|
|
|0 0
|1 0
|2 ddc
|4 0
|6 193_000000000000000_NIE_TH
|7 0
|9 353012
|a DRA
|b DRA
|c ST1
|d 2015-10-13
|i 8699
|l 2
|o 193 NIE/TH
|p DRA8699
|r 2016-06-21
|s 2016-03-03
|v 350.00
|w 2015-10-13
|y BK
|